000 00513 a2200193 4500
003 OSt
005 20180116182925.0
008 160907b xxu||||| |||| 00| 0 eng d
020 _a0
040 _c0
082 _a539.705 SAD 2007
100 _aSiddiqui,Muhammad Asif.
245 _aPhysics
_bPractical Journal.
_cMuhammad Asif Siddiqui.
260 _aKarachi.
_bFederal Urdu University.
_c2007.
300 _a184p.
_bPB
440 _aPhysics
500 _aPaper cover.
942 _aNBS
_cBK
_k530 SID 2007
_2ddc
999 _c348578
_d348578